Can Regional Integration Arrangements Enforce Trade Discipline? (Record no. 6225)

MARC details
000 -LEADER
fixed length control field 00496nam a22001937i 4500
001 - CONTROL NUMBER
control field 7295
003 - CONTROL NUMBER IDENTIFIER
control field OSt
005 - DATE AND TIME OF LATEST TRANSACTION
control field 20170126082358.0
007 - PHYSICAL DESCRIPTION FIXED FIELD--GENERAL INFORMATION
fixed length control field tu
008 - FIXED-LENGTH DATA ELEMENTS--GENERAL INFORMATION
fixed length control field 161220s2005 xxu||||| |||| 00| 0 d
020 ## - INTERNATIONAL STANDARD BOOK NUMBER
International Standard Book Number 1-4039-4160-2
024 7# - OTHER STANDARD IDENTIFIER
Standard number or code 7295
Source of number or code RID
024 7# - OTHER STANDARD IDENTIFIER
Standard number or code 7295
Source of number or code RSN (alt)
040 ## - CATALOGING SOURCE
Transcribing agency OSt
100 1# - MAIN ENTRY--PERSONAL NAME
Personal name Drabek, Zdenek
Relator term Ed.
245 00 - TITLE STATEMENT
Title Can Regional Integration Arrangements Enforce Trade Discipline?
Remainder of title The Story of the EU Enlargement
260 ## - PUBLICATION, DISTRIBUTION, ETC.
Place of publication, distribution, etc. New York,
Date of publication, distribution, etc. 2005.
300 ## - PHYSICAL DESCRIPTION
Extent 261 S. ;
Dimensions 21cm.
942 ## - ADDED ENTRY ELEMENTS (KOHA)
Koha item type Book
Holdings
Withdrawn status Lost status Damaged status Not for loan Home library Current library Shelving location Date acquired Inventory number Total Checkouts Full call number Barcode Date last seen Price effective from Koha item type
        WIIW WIIW Library 03/23/2005 7295   7.564 10002904 01/26/2017 01/26/2017 Book
The Vienna Instiute for International Economic Studies (wiiw)